| 000 | 00829nam a22001817a 4500 | ||
|---|---|---|---|
| 003 | OSt | ||
| 005 | 20260317234129.0 | ||
| 008 | 260216b |||||||| |||| 00| 0 eng d | ||
| 020 | _a9780545341011 | ||
| 040 |
_aDWCL GS library _cOC |
||
| 082 | _aFic. S856w 2012 | ||
| 100 | _aStilton, Geronimo | ||
| 245 | _athe way of samurai | ||
| 300 |
_a106 _billustrations _c20cm |
||
| 520 | _aIn The Way of the Samurai (Geronimo Stilton #49), Geronimo Stilton travels to Japan with his friend Wild Willie to recover an ancient, stolen samurai scroll. They must overcome skilled ninjas to stop an evil master from misusing the long-lost martial arts secrets hidden within, making for a thrilling, culture-filled adventure. | ||
| 700 | _aGeronimo Stilton | ||
| 942 |
_2ddc _cFIC. _hFic. S856w 2012 _n0 |
||
| 999 |
_c8409 _d8409 |
||